Statistics for Haikyuu!! Anime Series Quiz

Click here to take the quiz!

General Stats

  • This quiz has been taken 8,472 times
  • The average score is 22 of 37

Answer Stats

HintAnswer% Correct
The shrimpy middle blocker known for his freak quicks.Hinata Shoyo
100%
Once called "King of the Court" with his reckless tosses.Kageyama Tobio
99%
The libero of Karasuno who likes to do the "rolling thunder"Yu Nishinoya
95%
The captain of Karasuno known for its amazing receivesDaichi Sawamura
94%
The ace of Karasuno who didn't want to play volleyball anymoreAsahi Azumane
92%
The former setter of Karasuno before Tobio cameKoshi Sugawara
92%
Introvert freshman middle blocker known for its blocking and smart attacksKei Tsukishima
92%
Closest friend of Tsuki who wants to learn the jump floater serveTadashi Yamaguchi
90%
The "falling ravens" of the Miyagi PrefectureKarasuno High School
87%
The boastful captain of Seijoh with a lot of girls having a crush on himToru Oikawa
87%
The cats. Their rivals in the Tokyo Prefecture.Nekoma High School
86%
The ace-wannabe of Karasuno known for its powerful attacksRyunosuke Tanaka
85%
Karasuno's former coach who brought them to the NationalsIkkei Ukai
84%
Nekoma's setter who is known for reading peopleKenma Kozume
79%
The team in the Miyagi Prefecture known for its Iron WallDate Tech
78%
The team that beat them in round 3 of Inter-High PrelimsAoba Johsai High School
73%
The ace of Shiratorizawa and one of the best players in JapanWakatoshi Ushijima
72%
The best team in the Miyagi PrefectureShiratorizawa Academy
72%
Nekoma's team captain who is a close friend of DaichiTetsuro Kuroo
69%
Hot and beautiful third-year manager of KarasunoKiyoko Shimizu
68%
Gray-haired best blocker of Dateko who blocked some of Hinata's attackTakanobu Aone
56%
The nickname of the former ace of Karasuno whom Hinata really idolized and his reason for love of VolleyballLittle Giant
53%
Karasuno's faculty adviserIttetsu Takeda
52%
Nekoma's coach who is a close friend and rival of Coach UkaiYasufumi Nekomata
46%
Junior high teammate of Tobio who has big anger on him and is now on SeijoYutaro Kindaichi
40%
Nekoma's ace-wannabe who has the same attitude with TanakaTaketora Yamamoto
39%
The Karasuno Women's Volleyball Team team captainYui Michimiya
36%
Junior high school of KageyamaKitagawa Daiichi
35%
Karasuno's new coach owning the shop nearby the schoolKeishin Ukai
34%
Libero of Seijoh who is envied by Noya and knows how to toss from the backShinji Watari
29%
Freshman middle blocker of Nekoma who is a great friend with HinataSo Inuoka
26%
The one who teaches Yamaguchi jump floatersMakoto Shimada
22%
Junior high school of NoyaChidoriyama
17%
Shoyo's friend from the basketball team in junior high who tossed for himYukitaka Izumi
16%
Junior high school of ShoyoYukigaoka
15%
Shoyo's friend in the football team in junior highKoji Sekimukai
13%
Daichi's junior high friend now in Tokonami whom they beat in the first roundHayato Ikejiri
11%

Score Distribution

Percentile by Number Answered

Percent of People with Each Score

Your Score History

You have not taken this quiz